<?xml version="1.0" encoding="UTF-8"?>
<record
    xmlns:xsi="http://www.w3.org/2001/XMLSchema-instance"
    xsi:schemaLocation="http://www.loc.gov/MARC21/slim http://www.loc.gov/standards/marcxml/schema/MARC21slim.xsd"
    xmlns="http://www.loc.gov/MARC21/slim">

  <leader>00221nam a22001097a 4500</leader>
  <datafield tag="040" ind1=" " ind2=" ">
    <subfield code="c">SK</subfield>
  </datafield>
  <datafield tag="082" ind1=" " ind2=" ">
    <subfield code="a">519</subfield>
  </datafield>
  <datafield tag="100" ind1=" " ind2=" ">
    <subfield code="a">ULRIKE KAISEI</subfield>
  </datafield>
  <datafield tag="245" ind1=" " ind2=" ">
    <subfield code="a">Varianz and kovarianzanalyse</subfield>
  </datafield>
  <datafield tag="260" ind1=" " ind2=" ">
    <subfield code="a">DEUTSCH</subfield>
    <subfield code="b">KAI</subfield>
    <subfield code="c">1963</subfield>
  </datafield>
  <datafield tag="942" ind1=" " ind2=" ">
    <subfield code="c">EK</subfield>
  </datafield>
  <datafield tag="999" ind1=" " ind2=" ">
    <subfield code="c">8461</subfield>
    <subfield code="d">8461</subfield>
  </datafield>
  <datafield tag="952" ind1=" " ind2=" ">
    <subfield code="0">0</subfield>
    <subfield code="1">0</subfield>
    <subfield code="4">0</subfield>
    <subfield code="6">519_000000000000000_KAI_1963_C172</subfield>
    <subfield code="7">0</subfield>
    <subfield code="9">48477</subfield>
    <subfield code="a">LBC</subfield>
    <subfield code="b">LBC</subfield>
    <subfield code="c">C172</subfield>
    <subfield code="d">2016-08-02</subfield>
    <subfield code="o">519 KAI 1963 C172</subfield>
    <subfield code="p">RUA045291</subfield>
    <subfield code="r">2016-08-02</subfield>
    <subfield code="y">EK</subfield>
  </datafield>
  <datafield tag="952" ind1=" " ind2=" ">
    <subfield code="0">0</subfield>
    <subfield code="1">0</subfield>
    <subfield code="4">0</subfield>
    <subfield code="6">519_000000000000000_KAI_1963_C172</subfield>
    <subfield code="7">0</subfield>
    <subfield code="9">48478</subfield>
    <subfield code="a">LBC</subfield>
    <subfield code="b">LBC</subfield>
    <subfield code="c">C172</subfield>
    <subfield code="d">2016-08-02</subfield>
    <subfield code="o">519 KAI 1963 C172</subfield>
    <subfield code="p">RUA045508</subfield>
    <subfield code="r">2016-10-14</subfield>
    <subfield code="y">EK</subfield>
  </datafield>
</record>
